书目信息 |
| 题名: |
工程力学
|
|
| 作者: | 沈养中 主编 | |
| 分册: | 下册 | |
| 出版信息: | 北京 机械工业出版社 2005.01 |
|
| 页数: | 127页 | |
| 开本: | 26cm | |
| 丛书名: | ||
| 单 册: | ||
| 中图分类: | TB12 | |
| 科图分类: | ||
| 主题词: | 工程力学--gong cheng li xue--高等学校--教材 | |
| 电子资源: | ||
| ISBN: | 7-111-06849-1 | |
| 000 | 00801nam0 2200241 450 | |
| 001 | 012006803838 | |
| 005 | 20060925095657.85 | |
| 010 | @a7-111-06849-1@dCNY13.00 | |
| 100 | @a20060625d2005 km y0chiy0120 ea | |
| 101 | 0 | @achi |
| 102 | @aCN@b110000 | |
| 105 | @aa a 000yy | |
| 200 | 1 | @a工程力学@Agong cheng li xue@h下册@f沈养中主编@Fshen yang zhong zhu bian |
| 210 | @a北京@c机械工业出版社@d2005.01 | |
| 215 | @a127页@c图@d26cm | |
| 300 | @a高等工程专科学校教材 | |
| 320 | @a有书目。 | |
| 330 | @a本书共分为九章,作者是参照高等工程专科学校力学基本要求和总结各参编学校力学教学改革经验的基础上组织编写而成的。 | |
| 606 | 0 | @a工程力学@Agong cheng li xue@x高等学校@j教材 |
| 690 | @aTB12@v4 | |
| 701 | 0 | @a沈养中@Ashen yang zhong@4主编 |
| 801 | 0 | @aCN@c20060925 |
| 905 | @a10447@dTB12@eS429:2 | |
| 工程力学.下册/沈养中主编.-北京:机械工业出版社,2005.01 |
| 127页:图;26cm |
| 高等工程专科学校教材 |
| ISBN 7-111-06849-1:CNY13.00 |
| 本书共分为九章,作者是参照高等工程专科学校力学基本要求和总结各参编学校力学教学改革经验的基础上组织编写而成的。 |
| ● |
| 相关链接 |
|
|
|
正题名:工程力学
索取号:TB12/S429:2
 
预约/预借
| 序号 | 登录号 | 条形码 | 馆藏地/架位号 | 状态 | 备注 |
| 1 | 591543 | 205915438 | 自科库501/501自科库 3排1列3层/ [索取号:TB12/S429:2] | 在馆 | |
| 2 | 591544 | 205915447 | 自科库501/501自科库 3排1列3层/ [索取号:TB12/S429:2] | 在馆 | |
| 3 | 591545 | 205915456 | 自科库501/501自科库 3排1列3层/ [索取号:TB12/S429:2] | 在馆 |